000 01055nam a2200289 i 4500
001 000017717
003 DO-SdBNP
005 20230824153217.0
007 ta
008 100330s1996 dr 001 0 spa d
040 _aDO-SdBNP
_bspa
_cBNPHU
_erda
082 4 _a923.5
_bS321d
_222
100 1 _aScheker Ortíz, Luis,
_d1907-
_938566
_eautor
245 1 0 _aDon Luis... :
_btestimonio de un hijo /
_cLuis Scheker Ortíz.
264 _aSanto Domingo :
_bTiempo,
_c1996.
300 _a116 páginas :
_bilustraciones ;
_c21 cm.
336 _2rdacontent
_atexto
_btxt
337 _2rdamedia
_asin mediación
_bnc
338 _2rdacarrier
_avolumen
_bn
500 _aIncluye datos biográficos de Don Luis en la solapa de la cubierta.
590 _aInventariado, 2023/BT
600 1 4 _aScheker Hane, Luis,
_d1907-1985
_98237
650 4 _aFuncionarios públicos
_zRepública Dominicana
_xCorrespondencia, memorias, etc.
_938567
650 4 _aAdministración pública
_zRepública Dominicana
_93011
910 _aValidado. Control de calidad EMS
942 _2ddc
_cLBS1
999 _c17242
_d17242